|
|
|
|
| LEADER |
00899nam a2200289 4500 |
| 001 |
DLU100105238 |
| 005 |
##20100324 |
| 040 |
# |
# |
|a DLU
|b vie
|
| 041 |
# |
# |
|a vie
|
| 044 |
# |
# |
|a vn
|
| 100 |
# |
# |
|a Nguyễn Thị Giao Tiên,
|c DS.
|
| 245 |
# |
# |
|a Mùa xuân nhớ Bác Hồ kính yêu :
|b Ba lần được gặp Bác Hồ /
|c Nguyễn Thị Giao Tiên, Trần Giữu ghi.
|
| 653 |
# |
# |
|a Dược sĩ
|
| 653 |
# |
# |
|a Hồ Chí Minh, 1890-1969
|
| 653 |
# |
# |
|a Kỉ niệm
|
| 653 |
# |
# |
|a Tư tưởng Hồ Chí Minh
|
| 700 |
# |
# |
|a Trần Giữu,
|e ghi.
|
| 773 |
# |
# |
|t Thuốc và sức khỏe
|g Số2(348-349), 2008, tr. 6-7
|
| 920 |
# |
# |
|a Phòng Tạp chí -- Trung tâm Thông tin - Thư viện Trường Đại học Đà Lạt
|
| 994 |
# |
# |
|a DLU
|
| 900 |
# |
# |
|a True
|
| 911 |
# |
# |
|a Nguyễn Thị Linh Chi
|
| 925 |
# |
# |
|a G
|
| 926 |
# |
# |
|a A
|
| 927 |
# |
# |
|a BB
|
| 980 |
# |
# |
|a Thư viện Trường Đại học Đà Lạt
|